000 nam a22 a 4500
999 _c139444
_d139444
003 BLK
005 20221221162045.0
008 180409b bul|||||r ||||||| ||bul||
010 _aKNG00145488000
040 _aBLK
041 _aBUL
_cBUL
080 _aБългарска литература
_b821.163.2
_x-93-1
_z821.163.2-93-1
100 1 _aДушков, Атанас Гаврилов
_eпърви автор
_9365078
139 _aДушков, Атанас Гаврилов
_bД 94
245 1 0 _aПървата пушка. 1876
_bПоема за деца
_cАтанас Гаврилов Душков; ил. Йоан Левиев.
257 _aBGR
260 _aСофия
_bБълг. художник
_c1966
300 _a24 с.
_bс ил.
_c22Х23 см
380 _aDX
500 _a20 000 тир.
653 _aдетска литература
653 _aлитература за деца
700 1 _aЛевиев, Йоан
_eил.
_9379242
852 _aЦб 260773
_bЦб
856 4 _qpdf
_i0.00
_ldisable
856 4 _qpdf
_i0.00
_ldisable
942 _cKNG
_n0
_s1
944 _aCR
_c10.07.2013
_l10.07.2013 - от С1,Р / 10.07.2013
_kРадинела_Гицова
944 _aED
_c2022-12-21
_l2022-12-21
_kир
999 _d139444